000 00479nam a2200193Ia 4500
005 20250423100620.0
008 250422s9999 xx 000 0 und d
020 _a9780077123307
050 _aHF 5415 .J5/
100 _aJobber, David
245 0 _aPrinciples and practice of marketing : the ultimate learning resources
250 _a6th ed.
260 _aNew York
260 _bMcGraw-Hill
260 _c2010
300 _a946 p
650 _aMarketing.
942 _cBK
999 _c33839
_d33839